000 00738nab a2200217 4500
003 BR-BrBNA
005 20260329171540.0
008 260329b bl.||||| |||| 00| 0 por d
040 _aBR-BrBNA
_bpor
072 _aE20 ; E21 ; E16 ; P01
100 _aMejido, Luiz Tejon
245 _aPara um novo agronegócio, um novo gestor
_bArtigo
500 _a2 illus.
650 _aAGRONEGÓCIO
650 _aGESTÃO DA PROPRIEDADE
650 _aAPRENDIZAGEM
650 _aSUSTENTABILIDADE
773 0 _01706
_9348151
_dSão Paulo-SP Editora Três Ltda - E-mail: luizfsa@revistadinheiro.com.br 2004
_o2025-0640
_tDinheiro Rural (Brazil)
_x1807-3700
_gv. 10(126) p. 67; (Jun 2015)
_wBR2026000418
942 _cANA
999 _c341132
_d341132